ロード中...
Mappila Muslims of Kerala: their history and culture /
| 第一著者: | |
|---|---|
| フォーマット: | Printed Book |
| 言語: | English |
| 出版事項: |
Thiruvananthapuram :
Sandhya Pub.,
1989.
|
| LEADER | 00512nam a2200133Ia 4500 | ||
|---|---|---|---|
| 008 | 150624b xxu||||| |||| 00| 0 eng d | ||
| 082 | |a 305.6971055 | ||
| 100 | |a Ibrahim Kunju, A. P. | ||
| 245 | |a Mappila Muslims of Kerala: |b their history and culture / |c A. P. Ibrahim Kunju | ||
| 260 | |a Thiruvananthapuram : |b Sandhya Pub., |c 1989. | ||
| 300 | |a 317 p. | ||
| 942 | |c BK | ||
| 999 | |c 42283 |d 42283 | ||
| 952 | |0 1 |1 0 |4 1 |6 305_697105483000000_IBR_M |7 0 |9 42279 |a UL |b UL |c ST1 |d 1998-09-01 |l 0 |o 305.697105483 IBR/M |p 62245 |r 2012-10-27 |w 2012-10-27 |y BK | ||